00000000nam##2200000za#4500
0019.699081
003CaOODSP
00520210625000224
007cr |||||||||||
008150407|2002||||xxc|||||o    f|0| 0 eng|d
040 |aCaOODSP|beng
043 |an-cn---
0861 |aEn14-166/2002E-PDF
1101 |aCanada.|bEnvironment Canada. |bTransportation Systems Branch.
24510|aReply to comments on the proposed On-Road Vehicle and Engine Emission Regulations |h[electronic resource]
260 |aOttawa - Ontario : |bEnvironment Canada. |cDecember 2002.
300 |a72p.|bgraphs, tables
590 |a14-21-Supp|b2014-12-11
69007|aAtmospheric emissions|2gcpds
69007|aAutomobiles|2gcpds
69007|aTransport|2gcpds
77508|tRéponses aux observations relatives au règlement proposé sur les émissions des véhicules routiers et de leurs moteurs |w(CaOODSP)9.643118
85640|ahttp://publications.gc.ca|qPDF|s177 KB|uhttps://publications.gc.ca/collections/collection_2014/ec/En14-166-2002-eng.pdf